Online
Catalog

Historia de Estados Unidos / (Record no. 22663)

MARC details
000 -CABECERA
campo de control de longitud fija 01014nam a2200241 a 4500
001 - NÚMERO DE CONTROL
campo de control 000023166
005 - FECHA Y HORA DE LA ÚLTIMA TRANSACCIÓN
campo de control 20200930022030.0
008 - DATOS DE LONGITUD FIJA--INFORMACIÓN GENERAL
campo de control de longitud fija 101129s1996 mx abch r 001 0dspa d
020 ## - NÚMERO INTERNACIONAL ESTÁNDAR DEL LIBRO
Número Internacional Estándar del Libro 9701008103
040 ## - FUENTE DE LA CATALOGACIÓN
Centro catalogador/agencia de origen DO-SdBNP
Lengua de catalogación spa
Centro/agencia transcriptor BNPHU
041 17 - CÓDIGO DE LENGUA
Código de lengua del texto/banda sonora o título independiente spa
Código de lengua original eng
Fuente del código Código de idiomas MARC
082 ## - NÚMERO DE LA CLASIFICACIÓN DECIMAL DEWEY
Número de clasificación nnnn
Número de documento/Ítem B858h
049 ## - FONDOS LOCALES (OCLC)
Fondos de biblioteca BNGR
100 1# - ENTRADA PRINCIPAL--NOMBRE DE PERSONA
Nombre de persona Brinkley, Alan,
9 (RLIN) 47687
240 14 - TÍTULO UNIFORME
Título uniforme The unfinished nation: a concise of the american people.
Lenguaje de la obra Español.
245 10 - MENCIÓN DE TÍTULO
Título Historia de Estados Unidos /
Mención de responsabilidad, etc. Alan Brinkley ; traducción de Pilar Mascaró Sacristán ; revisión técnica de Pastor Luis Ramos.
260 ## - PUBLICACIÓN, DISTRIBUCIÓN, ETC.
Lugar de publicación, distribución, etc. México :
Nombre del editor, distribuidor, etc. McGraw Hill,
Fecha de publicación, distribución, etc. 1996.
300 ## - DESCRIPCIÓN FÍSICA
Extensión xxxvi, 748, [138] p. :
Otras características físicas il., fascs., retrs., mapas ;
Dimensiones 24 cm..
504 ## - NOTA DE BIBLIOGRAFÍA, ETC.
Nota de bibliografía, etc. Incluye referencias bibliográficas y notas al pie de las páginas.
534 ## - NOTA SOBRE LA VERSIÓN ORIGINAL
Frase introductoria Título original en inglés:
Mención de título del original The unfinished nation: a concise of the american people.
Número Internacional Estándar del Libro 0070078734
700 1# - PUNTO DE ACCESO ADICIONAL--NOMBRE DE PERSONA
Nombre de persona Mascaró Sacristán, Pilar,
Término indicativo de función/relación tr.
9 (RLIN) 47688
700 1# - PUNTO DE ACCESO ADICIONAL--NOMBRE DE PERSONA
Nombre de persona Ramos, Pastor Luis,
9 (RLIN) 47689
Holdings
Estado de retiro Estado de pérdida Restricciones de uso No para préstamo Código de colección Localización permanente Ubicación/localización actual Ubicación en estantería Fecha de adquisición Número de inventario Total de préstamos Signatura topográfica completa Código de barras Fecha visto por última vez Precio válido a partir de Tipo de ítem Koha
    Préstamo interno   Monografías: Libros y Folletos General General En catalogación 29.11.2010 LF1   nnnn B858h 23166-10 25.06.2020 25.06.2020 Préstamo interno

Powered by Koha